000 01575nam2a22002651 4500
001 RU\NLR\INFOCOMM29\5000124032
005 20250617133125.0
035 _a(NLR Aleph) 002632680
090 _a3715261
_c3715260
100 _a20050215d1961 |||y0rusy50 ca
101 0 _arus
102 _aRU
105 _ay ||||000|y
200 1 _aНовый вибрационный вискозиметр
_fА.Н. Соловьев и др.
210 _d1961
_aБ. м.
225 1 _aТема 32. Приборы для исследования физико-механических свойств и структуры материалов
_vВып.18
461 0 _1001RU\NLR\INFOCOMM29\5000122211
_12001#$aПередовой научно-технический и производственный опыт$iПриборы для научных исследований$fГос. Науч.-техн. ком. Совета министров РСФСР. Центр. ин-т техн. экон. информации$v1961, №П-61-114
_93998407
_cМ.
_d1958-
_fГос. Науч.-техн. ком. Совета министров РСФСР. Центр. ин-т техн. экон. информации
_iПриборы для научных исследований
_tПередовой научно-технический и производственный опыт
_v1961, №П-61-114
700 1 _aСоловьев
_bА.Н.
_4070
801 1 _aRU
_bInfoComm
_c20050216
801 0 _aRU
_bNLR
_gPSBO
852 _aNLR
_jП11/1555
942 _cISSUE
980 _aNB
980 _aRUSPER